| 000 | 01000nam a2200217Ia 4500 | ||
|---|---|---|---|
| 999 |
_c39516 _d39516 |
||
| 001 | 6112 | ||
| 003 | GE_BSU | ||
| 005 | 20190919160643.0 | ||
| 008 | 181216s1986||||ge |||||||||||||| ||geo|| | ||
| 040 | _cGE_BSU | ||
| 041 | _ageo | ||
| 080 | _a821.353.1-1 ა-87 | ||
| 100 |
_aასათიანი, ლადო _94107 |
||
| 245 |
_aრჩეული / _cლადო ასათიანი ; შეადგინა მანანა ასათიანმა ; მურმან ლებანიძის რედაქციით და წინასიტყვით. |
||
| 264 |
_aთბილისი : _bსაბჭოთა საქართველო ; _c1986. |
||
| 300 |
_a158 გვ. : _bფოტო ; _c22 სმ. |
||
| 653 | _aრჩეული | ||
| 700 |
_aასათიანმა, მანანა _e შემდგენელი _94141 |
||
| 700 |
_aლებანიძე ,მურმან _eრედაქტორი _94142 |
||
| 942 |
_cBK _2udc |
||